000 01104cam a22003011 4500
001 22881
003 BD-RjUL
005 20211209000851.0
008 140309t1967 enka 000 1 eng
035 _a(BD-RjUL)22946
035 _a(OCoLC)6261018
040 _aDLC
_cPCvA
_dOCoLC
_dDLC
_dBD-RjUL
_beng
041 1 _aeng
_hund
082 0 4 _a843
_bBAD 1967
100 1 _aBalzac, Honoré de,
_d1799-1850.
_970558
245 1 0 _aDroll stories :
_bcollected in the monasteries of Touraine and given to the light /
_cTranslated into modern English by Alec Brown. With engravings by Gustave Doré.
_nVolume-1
260 _aLondon :
_bArrow books,
_c1967.
300 _aV-1 (254 p.) ;
_c18 cm.
490 1 _aMasterpieces of world literature,
_v2
650 1 _a Short stories in French, 1815-1848 - English texts
_969366
830 0 _v2.
_970562
700 1 _aBrown, Alec,
_d1900-1962,
_etr.
_969368
700 1 _aDoré, Gustave,
_d1832-1883,
_eillus.
_970560
830 0 _aMasterpieces of world literature (London, England) ;
_969369
942 _2ddc
_cBK
999 _c22881
_d22881